000 01240nam a22002657a 4500
005 20170324122730.0
008 140714b xxu||||| |||| 00| 0 Urdu d
010 _aUR-259 B-548298-301 B-665941
020 _c300.00
_a9789381029046
035 _aU-259 B-548298-301 B-665941
037 _bBPPD/Publishers/Venders
037 _bStar Publications(Vend.)/Arshia Publications(Pub.)
040 _aDPL
_bUrdu
082 _aن
100 _aمتر جم :فا ر و ق ا نصا ر ی
245 _a ر يت : نا و ل
_cمتر جم :فا ر و ق ا نصا ر ی
246 _a Ret ( Novel)
_bTranslated by Faruq Ansari
260 _bArshia Publictions
_bStar Publications.( Vender)
_c2011
260 _a4/5Asaf Ali Road,New Delhi-110002
270 _aA-170,Ground Floor, 3,Surya Apartment, Dilshad Colony,
_b دھلی
_e110095
_k9971775969
300 _a297ص
_c22Cm(Pb)
942 _2ddc
_cUR
_m ا ن ص
_h ن
999 _c87807
_d87807